Scholar in the Wilderness : Francis Adrian Van der Kemp.

Bibliographic Details
Main Author: Jackson, Harry F.
Corporate Author: JSTOR (Organization)
Format: eBook
Language:English
Published: [Syracuse] : Syracuse University Press, 1963.
Subjects:
Online Access:Connect to the full text of this electronic book

MARC

Tag First Indicator Second Indicator Subfields
LEADER 00000cam a2200000Ma 4500
001 in00004635488
006 m o d
007 cr |||||||nn|n
008 740213s1963 nyua ob 000 0 eng d
005 20230103223457.9
035 |a (OCoLC)on1055871676 
040 |a P@U  |b eng  |e pn  |c P@U  |d JSTOR  |d ICN  |d OCLCF  |d U3W  |d SOI  |d ERL  |d VLB  |d OCLCQ  |d OCLCE  |d SFB  |d LVT  |d N$T  |d YDX  |d OCLCO 
019 |a 297942828  |a 577250867  |a 1117795580  |a 1137124380  |a 1138705077  |a 1141061844 
020 |a 9781684450077  |q (electronic bk.) 
020 |a 1684450071  |q (electronic bk.) 
020 |z 9780815604402 
020 |a 0815604408 
020 |a 9780815604402 
035 |a (OCoLC)1055871676  |z (OCoLC)297942828  |z (OCoLC)577250867  |z (OCoLC)1117795580  |z (OCoLC)1137124380  |z (OCoLC)1138705077  |z (OCoLC)1141061844 
037 |a 22573/ctv6524pg  |b JSTOR 
042 |a dlr 
050 4 |a F123.V22  |b J3 
072 7 |a HIS  |x 036080  |2 bisacsh 
082 0 4 |a 923 
049 |a TXAM 
100 1 |a Jackson, Harry F. 
245 1 0 |a Scholar in the Wilderness :  |b Francis Adrian Van der Kemp. 
260 |a [Syracuse] :  |b Syracuse University Press,  |c 1963. 
300 |a 1 online resource (xi, 356 pages) :  |b illustrations, portraits 
336 |a text  |b txt  |2 rdacontent 
337 |a computer  |b c  |2 rdamedia 
338 |a online resource  |b cr  |2 rdacarrier 
347 |a data file  |2 rda 
504 |a Bibliographical references included in "Notes" (p. 327-345). 
588 0 |a Print version record. 
538 |a Master and use copy. Digital master created according to Benchmark for Faithful Digital Reproductions of Monographs and Serials, Version 1. Digital Library Federation, December 2002.  |u http://purl.oclc.org/DLF/benchrepro0212  |5 MiAaHDL 
583 1 |a digitized  |c 2010  |h HathiTrust Digital Library  |l committed to preserve  |2 pda  |5 MiAaHDL 
600 1 0 |a Van der Kemp, Francis Adrian,  |d 1752-1829. 
600 1 1 |a Van der Kemp, Francis Adrian,  |d 1752-1829. 
600 1 7 |a Van der Kemp, Francis Adrian,  |d 1752-1829.  |2 fast  |0 (OCoLC)fst00269339 
650 7 |a HISTORY  |z United States  |x State & Local  |x Middle Atlantic (DC, DE, MD, NJ, NY, PA)  |2 bisacsh 
655 7 |a Electronic books.  |2 local 
710 2 |a JSTOR (Organization) 
776 0 8 |i Print version:  |a Jackson, Harry F.  |t Scholar in the Wilderness.  |d [Syracuse] : Syracuse University Press, 1963  |w (DLC) 63019192 
856 4 0 |u https://www.jstor.org/stable/10.2307/j.ctv64h7kc  |z Connect to the full text of this electronic book  |t 0 
955 |a JSTOR Open Access ebooks 
994 |a 92  |b TXA 
999 f f |s b686836a-1354-4ad9-a3a1-29129a1a583e  |i 6647acef-709e-4106-ad65-2dfc6145c606  |t 0 
952 f f |a Texas A&M University  |b College Station  |c Electronic Resources  |d Available Online  |t 0  |e F123.V22 J3  |h Library of Congress classification 
998 f f |a F123.V22 J3  |t 0  |l Available Online